000 00368nam a22001577a 4500
005 20251108172619.0
008 250721s9999 xx 000 0 eng d
082 1 4 _a574.87322BOD
100 1 _aBodmer, Walter
245 1 4 _aThe Book of man /
264 1 _aLondon :
_bAbacus,
300 _a355 p
650 1 7 _aGenetic Heritage
942 _2ddc
_cBK
999 _c84041
_d84041